PH stars -sudden death - Statistics

General Stats
  • This quiz has been taken 199 times
  • The average score is 3 of 9
Answers on the Grid
Answers color-coded by a green-red scale on the quiz's grid according to % correct below.
violet Myers
vanessa sky
sweetie fox
sky bri
scarlitt scandal
Savannah bond
Reilly reid
Mila solana
mia Malkova
Lily Philips
Lana Rhoades
kira noir
kimmy granger
kendra Sunderland
Jennifer white
Hailey rose
Cory chase
candy love
Brandi love
Blake blossom
Autumn falls
Angela white
Abella danger
 
Answer Stats
Answer % Correct
mia Malkova
40%
sweetie fox
40%
Lana Rhoades
37%
Abella danger
33%
Angela white
33%
Lily Philips
29%
violet Myers
29%
Reilly reid
25%
candy love
17%
No matching quizzes found
Score Distribution
Percent of People with Each Score
Percentile by Number Answered
Your Score History
You have not taken this quiz